[Event "Tbilisi Buslaev Memorial 1st"]
[Site "Tbilisi"]
[Date "2007.04.03"]
[Round "2"]
[White "Mikadze, Miranda"]
[Black "Kasrashvili, Alexandre"]
[Result "1/2-1/2"]
[WhiteElo "2260"]
[BlackElo "2306"]
[PlyCount "35"]
[EventDate "2007.04.03"]
[EventType "tourn"]
[EventRounds "11"]
[EventCountry "GEO"]
[EventCategory "1"]
[SourceTitle "CBM 118 Extra"]
[Source "ChessBase"]
[SourceDate "2007.07.04"]
[SourceVersion "1"]
[SourceVersionDate "2007.07.04"]
[SourceQuality "1"]

1. e4 c5 2. Nf3 d6 3. Bb5+ Nc6 4. c3 Nf6 5. Qe2 g6 6. 0-0 Bg7 7. d4 cxd4 8. cxd4 0-0 9. Nc3 Bg4 10. Be3 a6 11. Bxc6 bxc6 12. h3 Bd7 13. Rac1 h6 14. Rfd1 Nh5 15. Nh2 Kh7 16. e5 f5 17. f4 Qe8 18. Nf3 1/2-1/2

[Event "EU-Cup 20th"]
[Site "Izmir"]
[Date "2004.10.08"]
[Round "6.1"]
[White "Kasrashvili, Alexandre"]
[Black "Johannessen, Leif Erlend"]
[Result "1/2-1/2"]
[WhiteElo "2305"]
[BlackElo "2519"]
[PlyCount "170"]
[EventDate "2004.10.03"]
[EventType "team-swiss"]
[EventRounds "7"]
[EventCountry "TUR"]
[SourceTitle "CBM 104"]
[Source "ChessBase"]
[SourceDate "2005.01.27"]
[SourceVersion "1"]
[SourceVersionDate "2005.01.27"]
[SourceQuality "1"]
[WhiteTeam "Senaki Egrisi"]
[BlackTeam "Oslo"]
[WhiteTeamCountry "GEO"]
[BlackTeamCountry "NOR"]

1. e4 c6 2. d4 d5 3. Nc3 dxe4 4. Nxe4 Bf5 5. Ng3 Bg6 6. Nf3 Nd7 7. Bd3 Bxd3 8. Qxd3 Ngf6 9. 0-0 e6 10. Re1 Be7 11. c4 0-0 12. Bd2 Re8 13. Bc3 Qb6 14. Ne5 Rad8 15. Qe2 Nf8 16. a4 Ng6 17. a5 Qc7 18. b4 Nd7 19. Nd3 b6 20. axb6 axb6 21. Ra6 b5 22. cxb5 cxb5 23. Nc5 Nb8 24. Raa1 Qc6 25. Nge4 Nf4 26. Qf3 Nd5 27. Bd2 Qc7 28. Rec1 Nc6 29. Nb3 Qb6 30. Nec5 Ncxb4 31. Bxb4 Nxb4 32. Qe2 Nd5 33. Ra6 Qb8 34. Ra5 b4 35. Rca1 Bf6 36. g3 g6 37. Ra7 Re7 38. Rxe7 Bxe7 39. Na5 Qc7 40. Nab3 Bf6 41. Ra6 Re8 42. Qb5 Rb8 43. Qc4 h5 44. h4 Rc8 45. Qd3 Bg7 46. Na5 Qd8 47. Ra7 Rc7 48. Ra6 Nc3 49. Nc6 Qd5 50. Nxb4 Qxd4 51. Nxe6 fxe6 52. Qxg6 Qe4 53. Qe8+ Kh7 54. Qxh5+ Bh6 55. Qa5 Ne2+ 56. Kh2 Rf7 57. Ra7 Rxa7 58. Qxa7+ Kg6 59. Qb8 Bg7 60. Qe8+ Kh6 61. Nc6 Nd4 62. Nxd4 Bxd4 63. Qf8+ Bg7 64. Qd6 Kh7 65. Qd7 Kh6 66. Qd2+ Kg6 67. Qg5+ Kf7 68. Qh5+ Kf8 69. Qc5+ Kg8 70. Qc8+ Kh7 71. Qd7 Qf5 72. Kg1 Qg6 73. Qd6 Qb1+ 74. Kh2 Qf5 75. Kg1 Qe4 76. Qd1 Bd4 77. Qh5+ Kg7 78. Qg5+ Kf7 79. Qh5+ Ke7 80. Qg5+ Kd7 81. Qb5+ Kc7 82. Qa5+ Bb6 83. Qc3+ Kd7 84. Qg7+ Kc6 85. Qf7 Bd4 1/2-1/2

[Event "EU-Cup 20th"]
[Site "Izmir"]
[Date "2004.10.05"]
[Round "3.1"]
[White "Kasrashvili, Alexandre"]
[Black "Stohl, Igor"]
[Result "1/2-1/2"]
[WhiteElo "2305"]
[BlackElo "2561"]
[PlyCount "46"]
[EventDate "2004.10.03"]
[EventType "team-swiss"]
[EventRounds "7"]
[EventCountry "TUR"]
[SourceTitle "CBM 104"]
[Source "ChessBase"]
[SourceDate "2005.01.27"]
[SourceVersion "1"]
[SourceVersionDate "2005.01.27"]
[SourceQuality "1"]
[WhiteTeam "Senaki Egrisi"]
[BlackTeam "Zalaegerszeg"]
[WhiteTeamCountry "GEO"]
[BlackTeamCountry "HUN"]

1. e4 c5 2. Nf3 d6 3. d4 cxd4 4. Nxd4 Nf6 5. Nc3 e6 6. Bc4 Be7 7. 0-0 a6 8. Bb3 0-0 9. f4 b5 10. a3 Bb7 11. f5 e5 12. Nde2 Nbd7 13. Ng3 Rc8 14. Bg5 Rxc3 15. bxc3 Nxe4 16. Nxe4 Bxe4 17. Bxe7 Qxe7 18. c4 Nf6 19. Qe2 Qa7+ 20. Kh1 Qc5 21. cxb5 axb5 22. a4 bxa4 23. Bxa4 d5 1/2-1/2

[Event "Batumi BCSA op"]
[Site "Batumi"]
[Date "2003.07.25"]
[Round "9"]
[White "Gagunashvili, Merab"]
[Black "Kasrashvili, Alexandre"]
[Result "1-0"]
[WhiteElo "2577"]
[BlackElo "2305"]
[PlyCount "89"]
[EventDate "2003.07.16"]
[EventType "swiss"]
[EventRounds "9"]
[EventCountry "GEO"]
[SourceTitle "CBM 095 Extra"]
[Source "ChessBase"]
[SourceDate "2003.09.04"]
[SourceVersion "1"]
[SourceVersionDate "2003.09.04"]
[SourceQuality "1"]

1. d4 Nf6 2. c4 e6 3. Nc3 Bb4 4. e3 0-0 5. Nf3 d5 6. Be2 c5 7. 0-0 Nc6 8. cxd5 exd5 9. dxc5 Bxc5 10. b3 Be6 11. Bb2 Ne4 12. Rc1 Be7 13. Nb5 Bf6 14. Nfd4 Qd7 15. Ba3 Rfd8 16. Nxc6 bxc6 17. Nd4 Rac8 18. Ba6 Rc7 19. Bb4 c5 20. Bb5 Qd6 21. Ba5 Rb7 22. Bxd8 Bxd8 23. Nxe6 fxe6 24. Bd3 Nf6 25. Qc2 Bb6 26. g3 Rf7 27. Qe2 Nd7 28. Kg2 Ne5 29. f4 Nc6 30. e4 Nd4 31. Qh5 g6 32. Qe5 Qd7 33. exd5 exd5 34. Rce1 Nc6 35. Qe8+ Kg7 36. Qxd7 Rxd7 37. Bb5 Rc7 38. Bxc6 Rxc6 39. Re7+ Kf6 40. Rxh7 c4 41. bxc4 Rxc4 42. Re1 Rc2+ 43. Kf3 Rxa2 44. Ree7 g5 45. Rhf7+ 1-0

[Event "Batumi BCSA op"]
[Site "Batumi"]
[Date "2003.07.23"]
[Round "7"]
[White "Kasrashvili, Alexandre"]
[Black "Khurtsidze, Nino"]
[Result "1-0"]
[WhiteElo "2305"]
[BlackElo "2440"]
[PlyCount "87"]
[EventDate "2003.07.16"]
[EventType "swiss"]
[EventRounds "9"]
[EventCountry "GEO"]
[SourceTitle "CBM 095 Extra"]
[Source "ChessBase"]
[SourceDate "2003.09.04"]
[SourceVersion "1"]
[SourceVersionDate "2003.09.04"]
[SourceQuality "1"]

1. d4 Nf6 2. Nc3 d5 3. Bg5 Nbd7 4. f3 h6 5. Bxf6 Nxf6 6. e4 e6 7. Qd2 dxe4 8. fxe4 e5 9. dxe5 Qxd2+ 10. Kxd2 Ng4 11. Nf3 g5 12. h3 Nf2 13. Rh2 g4 14. hxg4 Nxg4 15. Rh5 c6 16. Bc4 b5 17. Bb3 a5 18. a3 Ra7 19. Re1 a4 20. Ba2 b4 21. Nb1 Rb7 22. Bc4 Rg8 23. Kc1 bxa3 24. Nxa3 Bd7 25. c3 Bxa3 26. bxa3 Ke7 27. Nd2 Be6 28. Bxe6 Kxe6 29. Nc4 Rb5 30. Rd1 Rc5 31. Rd6+ Ke7 32. Rd4 Nf2 33. Kc2 Rxg2 34. Ne3 Rg5 35. Rxh6 Ng4 36. Nxg4 Rxg4 37. Rxa4 Rg3 38. Ra7+ Kf8 39. e6 Rgxc3+ 40. Kd2 Rc2+ 41. Ke3 Kg7 42. exf7 R5c3+ 43. Kd4 Rf3 44. f8Q+ 1-0

[Event "Batumi BCSA op"]
[Site "Batumi"]
[Date "2003.07.19"]
[Round "3"]
[White "Kasrashvili, Alexandre"]
[Black "Sulashvili, Giorgi"]
[Result "1-0"]
[WhiteElo "2305"]
[BlackElo "2174"]
[PlyCount "61"]
[EventDate "2003.07.16"]
[EventType "swiss"]
[EventRounds "9"]
[EventCountry "GEO"]
[SourceTitle "CBM 095 Extra"]
[Source "ChessBase"]
[SourceDate "2003.09.04"]
[SourceVersion "1"]
[SourceVersionDate "2003.09.04"]
[SourceQuality "1"]

1. e4 c5 2. Nf3 e6 3. d4 cxd4 4. Nxd4 Nc6 5. Nc3 Qc7 6. g3 a6 7. Bg2 Nf6 8. 0-0 Bc5 9. Nb3 Be7 10. a4 d6 11. f4 b6 12. Be3 Bb7 13. Kh1 h5 14. h3 Nb4 15. Qe2 d5 16. e5 Nd7 17. a5 b5 18. Bd4 g6 19. Qf2 Nxc2 20. Rac1 Nxd4 21. Nxd5 Qb8 22. Nc7+ Kf8 23. Nxd4 Ra7 24. f5 exf5 25. Nxf5 Bxg2+ 26. Kxg2 Rxc7 27. Nxe7 Qb7+ 28. Kh2 Nxe5 29. Qf6 Rh7 30. Nxg6+ Nxg6 31. Qd8+ 1-0

[Event "Batumi BCSA op"]
[Site "Batumi"]
[Date "2003.07.17"]
[Round "1"]
[White "Kasrashvili, Alexandre"]
[Black "Maisuradze, Gega"]
[Result "1-0"]
[WhiteElo "2305"]
[BlackElo "2040"]
[PlyCount "87"]
[EventDate "2003.07.16"]
[EventType "swiss"]
[EventRounds "9"]
[EventCountry "GEO"]
[SourceTitle "CBM 095 Extra"]
[Source "ChessBase"]
[SourceDate "2003.09.04"]
[SourceVersion "1"]
[SourceVersionDate "2003.09.04"]
[SourceQuality "1"]

1. e4 d6 2. d4 Nf6 3. Nc3 e5 4. Nge2 exd4 5. Nxd4 Nc6 6. Bb5 Bd7 7. Bxc6 bxc6 8. 0-0 Be7 9. Bg5 0-0 10. Re1 h6 11. Bh4 c5 12. Nf3 Be6 13. e5 Ne8 14. Bxe7 Qxe7 15. Nd5 Qd7 16. c4 c6 17. Ne3 d5 18. b3 Nc7 19. Qc1 d4 20. Nf1 Bg4 21. N3d2 Ne6 22. h3 Bf5 23. Nf3 g5 24. Ng3 Nf4 25. h4 Nd3 26. Qd2 Nxe1 27. Rxe1 g4 28. Nh5 Qe6 29. Nf6+ Kg7 30. Nh2 Rh8 31. h5 Rad8 32. f3 gxf3 33. g4 f2+ 34. Kxf2 Bh7 35. Nf3 d3 36. Rg1 Kf8 37. Qxh6+ Ke7 38. Qg5 Kf8 39. Nxh7+ Ke8 40. Nf6+ Kf8 41. Ne4 Ke8 42. Nxc5 Qe7 43. Qxe7+ Kxe7 44. Ke3 1-0

[Event "GEO-ch I Liga"]
[Site "Tbilisi"]
[Date "2002.05.02"]
[Round "8"]
[White "Purtseladze, Maka"]
[Black "Kasrashvili, Alexandre"]
[Result "0-1"]
[WhiteElo "2214"]
[BlackElo "2319"]
[PlyCount "59"]
[EventDate "2002.05.??"]
[EventType "swiss"]
[EventRounds "9"]
[EventCountry "GEO"]
[SourceTitle "EXT 2004"]
[Source "ChessBase"]
[SourceDate "2003.11.25"]
[SourceVersion "1"]
[SourceVersionDate "2003.11.25"]
[SourceQuality "1"]

1. d4 Nf6 2. c4 e6 3. Nf3 c5 4. e3 b6 5. Nc3 Bb7 6. d5 exd5 7. cxd5 d6 8. e4 g6 9. Bb5+ Nfd7 10. Qe2 Bg7 11. Bf4 a6 12. Bc6 Bxc6 13. dxc6 Ne5 14. Nxe5 dxe5 15. Rd1 Qc8 16. c7 Qxc7 17. Nd5 Qb7 18. Bg5 0-0 19. Be7 Re8 20. Bd6 Rd8 21. Bc7 Rxd5 22. Rxd5 Qxc7 23. Qd2 Bf6 24. 0-0 Ra7 25. b4 c4 26. Rc1 Nd7 27. a4 Be7 28. Qb2 Nf6 29. Rxe5 Ng4 30. f4 0-1

[Event "GEO-ch I Liga"]
[Site "Tbilisi"]
[Date "2002.04.29"]
[Round "5"]
[White "Kasrashvili, Alexandre"]
[Black "Maglaperidze, Grigol"]
[Result "1-0"]
[WhiteElo "2319"]
[BlackElo "2160"]
[PlyCount "49"]
[EventDate "2002.05.??"]
[EventType "swiss"]
[EventRounds "9"]
[EventCountry "GEO"]
[SourceTitle "EXT 2004"]
[Source "ChessBase"]
[SourceDate "2003.11.25"]
[SourceVersion "1"]
[SourceVersionDate "2003.11.25"]
[SourceQuality "1"]

1. e4 c6 2. d4 d5 3. Nc3 dxe4 4. Nxe4 Nd7 5. Ng5 Ngf6 6. Bd3 e6 7. N1f3 Bd6 8. Qe2 h6 9. Ne4 Nxe4 10. Qxe4 Qc7 11. 0-0 b6 12. c4 Bb7 13. Qe2 0-0-0 14. b4 Bxb4 15. c5 Nf6 16. Be3 Nd5 17. Rfc1 bxc5 18. dxc5 Bc3 19. Rab1 Kd7 20. Bc4 Bf6 21. Bxd5 exd5 22. Bf4 Qxf4 23. Rxb7+ Kc8 24. Rcb1 Rd7 25. Qa6 1-0

[Event "GEO-ch I Liga"]
[Site "Tbilisi"]
[Date "2002.04.27"]
[Round "3"]
[White "Kasrashvili, Alexandre"]
[Black "Jirkvalishvili, Otar"]
[Result "0-1"]
[WhiteElo "2319"]
[BlackElo "2218"]
[PlyCount "92"]
[EventDate "2002.05.??"]
[EventType "swiss"]
[EventRounds "9"]
[EventCountry "GEO"]
[SourceTitle "EXT 2004"]
[Source "ChessBase"]
[SourceDate "2003.11.25"]
[SourceVersion "1"]
[SourceVersionDate "2003.11.25"]
[SourceQuality "1"]

1. e4 e6 2. d4 d5 3. e5 c5 4. c3 Bd7 5. Nf3 Qb6 6. Be2 Bb5 7. c4 Bxc4 8. Bxc4 dxc4 9. d5 exd5 10. Qxd5 Ne7 11. Qxc4 Qa6 12. Na3 Qxc4 13. Nxc4 Nf5 14. Bf4 Nc6 15. 0-0-0 b5 16. Na3 a6 17. Nc2 Be7 18. g4 Nh4 19. Nxh4 Bxh4 20. Be3 c4 21. f4 Rc8 22. a3 g5 23. f5 Nxe5 24. Bd4 Nd3+ 25. Kb1 0-0 26. Nb4 Rfd8 27. Bf6 Rd6 28. Be5 Rd7 29. Nxd3 cxd3 30. Rd2 Re8 31. Bg3 Bxg3 32. hxg3 Re4 33. Rf1 Re3 34. Rg1 Kg7 35. b4 Rd4 36. Rh2 d2 37. Rd1 Rxa3 38. Rdxd2 Rb3+ 39. Kc2 Rxd2+ 40. Rxd2 Rxb4 41. Rd6 Rxg4 42. Rxa6 Rxg3 43. Rb6 Rf3 44. Rxb5 h5 45. Kd2 h4 46. Ke2 Rf4 0-1

[Event "Tbilisi Nabeglavi op"]
[Site "Tbilisi"]
[Date "2001.11.28"]
[Round "?"]
[White "Chibukhchian, Artur"]
[Black "Kasrashvili, Alexandre"]
[Result "1-0"]
[WhiteElo "2283"]
[BlackElo "2323"]
[PlyCount "57"]
[EventDate "2001.11.04"]
[EventType "swiss"]
[EventRounds "9"]
[EventCountry "GEO"]
[SourceTitle "EXT 2004"]
[Source "ChessBase"]
[SourceDate "2003.11.25"]
[SourceVersion "1"]
[SourceVersionDate "2003.11.25"]
[SourceQuality "1"]

1. d4 Nf6 2. Nf3 e6 3. Bg5 d5 4. e3 c5 5. Be2 Nbd7 6. 0-0 Bd6 7. c4 dxc4 8. Bxc4 cxd4 9. exd4 0-0 10. Nc3 h6 11. Bh4 Qa5 12. Re1 a6 13. Qd3 Qh5 14. Bb3 Rb8 15. Bc2 Re8 16. h3 Kf8 17. g4 Nxg4 18. Qh7 f5 19. Qh8+ Kf7 20. Ng5+ Qxg5 21. Qxe8+ Kxe8 22. Bxg5 Kf7 23. hxg4 hxg5 24. Bb3 Nf8 25. gxf5 Bb4 26. Re3 Kf6 27. fxe6 Bxe6 28. Rf3+ Kg6 29. Rxf8 1-0

[Event "Tbilisi Nabeglavi op"]
[Site "Tbilisi"]
[Date "2001.11.26"]
[Round "?"]
[White "Gagunashvili, Merab"]
[Black "Kasrashvili, Alexandre"]
[Result "1-0"]
[WhiteElo "2444"]
[BlackElo "2323"]
[PlyCount "79"]
[EventDate "2001.11.04"]
[EventType "swiss"]
[EventRounds "9"]
[EventCountry "GEO"]
[SourceTitle "EXT 2004"]
[Source "ChessBase"]
[SourceDate "2003.11.25"]
[SourceVersion "1"]
[SourceVersionDate "2003.11.25"]
[SourceQuality "1"]

1. e4 c5 2. Nf3 d6 3. d4 cxd4 4. Nxd4 Nf6 5. Nc3 Nc6 6. Bg5 e6 7. Qd2 Be7 8. 0-0-0 0-0 9. f4 Nxd4 10. Qxd4 Qa5 11. Bc4 Bd7 12. e5 dxe5 13. Qxe5 Qb4 14. Qe2 Bc6 15. a3 Qa5 16. Rhe1 Rab8 17. Nb5 h6 18. Bh4 Nd5 19. Bxe7 Nxe7 20. Nd6 Kh8 21. g4 b5 22. Qe5 Qb6 23. Bd3 Bf3 24. g5 Nc6 25. Nxf7+ Rxf7 26. Qxe6 Ne5 27. Qxe5 Bxd1 28. Qe4 g6 29. Qe5+ Kg8 30. Rxd1 Rd8 31. gxh6 Qd4 32. Qxb5 Qxf4+ 33. Kb1 Qxh6 34. Rg1 Rg7 35. Qc4+ Kh8 36. Rg4 g5 37. h4 Rdg8 38. Qd4 Qb6 39. Rxg5 Qh6 40. Qe5 1-0

[Event "GEO-ch"]
[Site "Tbilisi"]
[Date "2001.03.30"]
[Round "1.2"]
[White "Kasrashvili, Alexandre"]
[Black "Arutinian, David"]
[Result "1/2-1/2"]
[WhiteElo "2316"]
[BlackElo "2390"]
[PlyCount "120"]
[EventDate "2001.??.??"]
[EventType "k.o."]
[EventRounds "5"]
[EventCountry "GEO"]
[SourceTitle "EXT 2004"]
[Source "ChessBase"]
[SourceDate "2003.11.25"]
[SourceVersion "1"]
[SourceVersionDate "2003.11.25"]
[SourceQuality "1"]

1. e4 c5 2. Nf3 Nc6 3. d4 cxd4 4. Nxd4 Nf6 5. Nc3 d6 6. Bc4 e6 7. 0-0 Be7 8. a3 0-0 9. Ba2 Nxd4 10. Qxd4 b6 11. Re1 Bb7 12. Bg5 d5 13. e5 Ne4 14. Bxe7 Qxe7 15. Ne2 Qc5 16. f3 Qxd4+ 17. Nxd4 Nc5 18. b4 Na6 19. f4 Nc7 20. a4 Bc8 21. Bb3 Bd7 22. Re3 Na6 23. c3 Nb8 24. b5 a6 25. Rb1 axb5 26. axb5 g6 27. g4 Ra5 28. f5 Re8 29. Rf1 Bc8 30. h4 Ra3 31. h5 exf5 32. hxg6 hxg6 33. gxf5 gxf5 34. Bxd5 Be6 35. Nxe6 fxe6 36. Rxf5 Ra7 37. Bb3 Rg7+ 38. Kf2 Nd7 39. Ref3 Rg6 40. R3f4 Re7 41. Rh5 Rf7 42. Rh8+ Kxh8 43. Rxf7 Rg7 44. Bxe6 Rxf7+ 45. Bxf7 Nxe5 46. Ba2 Kg7 47. Ke3 Kf6 48. Ke4 Nd7 49. Kd5 Nc5 50. Kc6 Na4 51. c4 Ke5 52. Bb3 Nc5 53. Kxb6 Kd6 54. Bc2 Nd7+ 55. Kb7 Kc5 56. Bf5 Nb6 57. Be6 Na4 58. Ka6 Nb6 59. Ka5 Na8 60. Bg4 Nb6 1/2-1/2

[Event "GEO-ch U20"]
[Site "Tbilisi"]
[Date "2001.03.??"]
[Round "7"]
[White "Izoria, Zviad"]
[Black "Kasrashvili, Alexandre"]
[Result "1-0"]
[WhiteElo "2466"]
[BlackElo "2142"]
[PlyCount "67"]
[EventDate "2001.??.??"]
[EventType "swiss"]
[EventRounds "9"]
[EventCountry "GEO"]
[SourceTitle "EXT 2004"]
[Source "ChessBase"]
[SourceDate "2003.11.25"]
[SourceVersion "1"]
[SourceVersionDate "2003.11.25"]
[SourceQuality "1"]

1. d4 c5 2. d5 e5 3. c4 d6 4. Nc3 g6 5. e4 h5 6. Bd3 Bh6 7. Nge2 Bxc1 8. Qxc1 Nh6 9. 0-0 Nd7 10. a3 a6 11. b4 Qh4 12. h3 g5 13. Re1 Nf8 14. Qe3 g4 15. g3 Qe7 16. h4 cxb4 17. axb4 Ng6 18. c5 Bd7 19. c6 bxc6 20. dxc6 Bxc6 21. b5 axb5 22. Bxb5 Qb7 23. Bxc6+ Qxc6 24. Rxa8+ Qxa8 25. Rd1 Qa6 26. Qg5 Ng8 27. Kg2 N8e7 28. Rb1 Kd7 29. Qf6 Qc6 30. Qxf7 Rf8 31. Qa2 Rf3 32. Nd5 Nxd5 33. exd5 Qc5 34. Rb7+ 1-0

[Event "GEO-ch U20"]
[Site "Tbilisi"]
[Date "2001.03.??"]
[Round "6"]
[White "Kasrashvili, Alexandre"]
[Black "Sulashvili, Giorgi"]
[Result "1-0"]
[WhiteElo "2142"]
[BlackElo "2150"]
[PlyCount "67"]
[EventDate "2001.??.??"]
[EventType "swiss"]
[EventRounds "9"]
[EventCountry "GEO"]
[SourceTitle "EXT 2004"]
[Source "ChessBase"]
[SourceDate "2003.11.25"]
[SourceVersion "1"]
[SourceVersionDate "2003.11.25"]
[SourceQuality "1"]

1. Nf3 c5 2. b3 Nf6 3. Bb2 b6 4. e3 Bb7 5. Be2 e6 6. 0-0 Be7 7. c4 0-0 8. d4 cxd4 9. exd4 d5 10. Nbd2 Nc6 11. Rc1 dxc4 12. bxc4 Rc8 13. Bd3 Qd7 14. Qe2 Rfd8 15. Bb1 Ba8 16. Rfd1 Qb7 17. Nf1 Rc7 18. Ne3 Rcd7 19. d5 exd5 20. Bf5 Rd6 21. cxd5 Nxd5 22. Nxd5 Rxd5 23. Rxd5 Rxd5 24. Bxh7+ Kf8 25. Be4 Rc5 26. Re1 b5 27. Ne5 Bd6 28. Bxc6 Rxc6 29. Ng6+ Kg8 30. Qe8+ Kh7 31. Qh8+ Kxg6 32. Qxg7+ Kh5 33. g4+ Kh4 34. Bf6+ 1-0

[Event "GEO-ch U20"]
[Site "Tbilisi"]
[Date "2000.??.??"]
[Round "?"]
[White "Chikovani, Vakhtang"]
[Black "Kasrashvili, Alexandre"]
[Result "1-0"]
[WhiteElo "2267"]
[BlackElo "2155"]
[PlyCount "79"]
[EventDate "2000.??.??"]
[EventType "swiss"]
[EventRounds "9"]
[EventCountry "GEO"]
[SourceTitle "EXT 2002"]
[Source "ChessBase"]
[SourceDate "2001.11.25"]
[SourceVersion "1"]
[SourceVersionDate "2001.11.25"]
[SourceQuality "1"]

1. e4 c5 2. d4 cxd4 3. c3 dxc3 4. Nxc3 Nc6 5. Nf3 e6 6. Bc4 d6 7. 0-0 Nf6 8. Qe2 a6 9. Rd1 Qc7 10. Bf4 Be7 11. e5 Nh5 12. exd6 Nxf4 13. dxc7 Nxe2+ 14. Bxe2 Bc5 15. Na4 Ba7 16. Ne5 Ke7 17. Nxc6+ bxc6 18. Rd2 e5 19. Rc1 Bb7 20. Nc5 Bxc5 21. Rxc5 f6 22. Bg4 Rhe8 23. b4 Kf8 24. h4 Re7 25. Rd8+ Re8 26. Rd7 Bc8 27. Rxc6 h5 28. Bh3 Bxd7 29. Bxd7 Rec8 30. a4 Ke7 31. Bh3 g6 32. Bxc8 Rxc8 33. b5 axb5 34. axb5 Kd7 35. Rxf6 Rxc7 36. Rxg6 Rc1+ 37. Kh2 Rb1 38. b6 Ke7 39. Rg5 Rxb6 40. Rxe5+ 1-0

[Event "EU-chT (Men) 12th"]
[Site "Batumi"]
[Date "1999.12.04"]
[Round "6.3"]
[White "Ivanisevic, Ivan"]
[Black "Kasrashvili, Alexandre"]
[Result "1-0"]
[WhiteElo "2447"]
[BlackElo "2416"]
[PlyCount "67"]
[EventDate "1999.11.06"]
[EventType "team-swiss"]
[EventRounds "9"]
[EventCountry "GEO"]
[SourceTitle "CBM 074"]
[Source "ChessBase"]
[SourceDate "2000.02.01"]
[SourceVersion "1"]
[SourceVersionDate "2000.02.01"]
[SourceQuality "1"]
[WhiteTeam "Yugoslavia"]
[BlackTeam "Georgia II"]
[WhiteTeamCountry "YUG"]
[BlackTeamCountry "GEO"]

1. d4 Nf6 2. c4 e6 3. Nf3 b6 4. Nc3 Bb7 5. a3 d5 6. Qa4+ c6 7. cxd5 exd5 8. Bg5 Be7 9. e3 Nbd7 10. Bd3 0-0 11. 0-0 Re8 12. Rad1 a5 13. Bf5 g6 14. Bh3 b5 15. Qc2 a4 16. Ne5 Nxe5 17. dxe5 Nh5 18. Bh6 Bf8 19. Bxf8 Rxf8 20. Ne4 Rb8 21. f4 Qb6 22. Nc5 Rfe8 23. Qc3 Qc7 24. Nd7 Ra8 25. Rxd5 Bc8 26. Rd6 Ra6 27. Rfd1 Qa7 28. e6 c5 29. exf7+ Kxf7 30. Ne5+ Kg8 31. Bxc8 Rxd6 32. Rxd6 Rxc8 33. Rd7 Qb6 34. Ng4 1-0

[Event "EU-chT (Men) 12th"]
[Site "Batumi"]
[Date "1999.11.30"]
[Round "2.3"]
[White "Kasrashvili, Alexandre"]
[Black "Miezis, Normunds"]
[Result "0-1"]
[WhiteElo "2416"]
[BlackElo "2524"]
[PlyCount "75"]
[EventDate "1999.11.06"]
[EventType "team-swiss"]
[EventRounds "9"]
[EventCountry "GEO"]
[SourceTitle "CBM 074"]
[Source "ChessBase"]
[SourceDate "2000.02.01"]
[SourceVersion "1"]
[SourceVersionDate "2000.02.01"]
[SourceQuality "1"]
[WhiteTeam "Georgia II"]
[BlackTeam "Latvia"]
[WhiteTeamCountry "GEO"]
[BlackTeamCountry "LAT"]

1. e4 c5 2. Nf3 e6 3. d4 cxd4 4. Nxd4 a6 5. Bd3 Nc6 6. Nxc6 dxc6 7. 0-0 e5 8. Nd2 Nf6 9. Qf3 Qc7 10. Qg3 Nh5 11. Qf3 g6 12. a4 Bg7 13. Nc4 0-0 14. Be3 Qe7 15. Nb6 Rb8 16. Nxc8 Rbxc8 17. a5 Nf4 18. Bc4 Kh8 19. c3 f5 20. exf5 Rxf5 21. Qe4 Qh4 22. f3 Rcf8 23. Bf2 Qg5 24. Bg3 h5 25. Bxf4 exf4 26. Bd3 Kh7 27. Rfe1 Rd8 28. Red1 Kh6 29. Qb4 Rfd5 30. Be2 Rd2 31. Rxd2 Rxd2 32. Bf1 Qe5 33. h3 Rd7 34. Qc4 Bf8 35. Qe4 Qxe4 36. fxe4 Rd2 37. Rb1 Kg5 38. b4 0-1

[Event "GEO team select"]
[Site "Tbilisi"]
[Date "1999.11.??"]
[Round "?"]
[White "Gelazonia, Parmen"]
[Black "Kasrashvili, Alexandre"]
[Result "0-1"]
[WhiteElo "2221"]
[BlackElo "2416"]
[PlyCount "49"]
[EventDate "1999.08.??"]
[EventType "tourn"]
[EventRounds "11"]
[EventCountry "GEO"]
[EventCategory "6"]
[SourceTitle "EXT 2004"]
[Source "ChessBase"]
[SourceDate "2003.11.25"]
[SourceVersion "1"]
[SourceVersionDate "2003.11.25"]
[SourceQuality "1"]

1. e4 c5 2. Nf3 d6 3. d4 cxd4 4. Nxd4 Nf6 5. f3 Nc6 6. c4 Qb6 7. Nc2 e6 8. Nc3 Be7 9. b3 0-0 10. Be3 Qa5 11. Qd2 d5 12. cxd5 Nb4 13. Kf2 Nxc2 14. Qxc2 exd5 15. Nxd5 Nxd5 16. exd5 Qxd5 17. Rd1 Qh5 18. Bc4 Bf5 19. Rd5 Qh4+ 20. g3 Bxc2 21. gxh4 Bxh4+ 22. Ke2 b6 23. Rc1 Bg6 24. Bd3 Rfe8 25. Rc7 0-1

[Event "GEO-ch"]
[Site "Tbilisi"]
[Date "1998.??.??"]
[Round "?"]
[White "Janjgava, Lasha"]
[Black "Kasrashvili, Alexandre"]
[Result "1/2-1/2"]
[WhiteElo "2495"]
[BlackElo "2370"]
[PlyCount "43"]
[EventDate "1998.??.??"]
[EventType "swiss"]
[EventRounds "9"]
[EventCountry "GEO"]
[SourceTitle "EXT 2002"]
[Source "ChessBase"]
[SourceDate "2001.11.25"]
[SourceVersion "1"]
[SourceVersionDate "2001.11.25"]
[SourceQuality "1"]

1. d4 Nf6 2. Nf3 e6 3. c4 Bb4+ 4. Bd2 Qe7 5. g3 0-0 6. Bg2 Bxd2+ 7. Qxd2 d6 8. Nc3 Nbd7 9. 0-0 e5 10. e4 c6 11. Rad1 Re8 12. Nh4 Nf8 13. f4 Be6 14. b3 exf4 15. Qxf4 Ng6 16. Nxg6 hxg6 17. Rfe1 Rad8 18. Rd3 Bc8 19. Red1 Nd7 20. Qc1 Nf8 21. R3d2 Qg5 22. Rd3 1/2-1/2

[Event "Tbilisi op"]
[Site "Tbilisi"]
[Date "1996.??.??"]
[Round "?"]
[White "Kasrashvili, Alexandre"]
[Black "Lobzhanidze, Davit"]
[Result "1-0"]
[WhiteElo "2255"]
[BlackElo "2280"]
[PlyCount "73"]
[EventDate "1996.??.??"]
[EventType "swiss"]
[EventRounds "9"]
[EventCountry "GEO"]
[SourceTitle "EXT 2002"]
[Source "ChessBase"]
[SourceDate "2001.11.25"]
[SourceVersion "1"]
[SourceVersionDate "2001.11.25"]
[SourceQuality "1"]

1. e4 e5 2. Nf3 Nc6 3. Bb5 f5 4. d3 fxe4 5. dxe4 Nf6 6. Nc3 Bb4 7. 0-0 Bxc3 8. bxc3 0-0 9. Re1 d6 10. h3 a6 11. Ba4 Ne7 12. Ng5 Kh8 13. f4 exf4 14. e5 Nfg8 15. e6 Nh6 16. Qd3 Rf5 17. Bxf4 Qg8 18. g3 b5 19. Bb3 d5 20. Qd4 Qf8 21. Rf1 a5 22. g4 c5 23. Qd2 Rf6 24. Bxd5 Nxd5 25. Qxd5 Ra7 26. Be5 Qe7 27. Bxf6 gxf6 28. Nf7+ Nxf7 29. exf7 Kg7 30. Rae1 Qxf7 31. Qxc5 Rc7 32. Qd4 Rd7 33. Qf4 h6 34. Rd1 Rc7 35. Rd6 Rc4 36. Qe3 f5 37. Qxh6+ 1-0